000 00803 a2200217 4500
003 BJBSDDR
005 20260323132202.0
007 ta
008 260323b2018 sp ||||| |||| 00| 0 spa d
020 _a9789569203572
040 _bspa
_cBJBSDDR
041 _asp
050 _bD687 2018
100 1 _aDonoso, Coti
_947649
245 _aEl otro montaje :
_breflexiones en torno al montaje documental /
260 _aChile :
_bLa Pollera Ediciones ;
_c2018 .
300 _a334 pages :
_billutrations ;
_c21 cm .
520 _aMara̕ Isabel Donoso es Comunicadora Audiovisual y Psicl̤oga. A lo largo de su carrera se ha especializado en el montaje documental, oficio que desempeą desde 1996 y que la ha llevado a trabajar con reconocidos directores chilenos.
942 _2lcc
_cBK
_n0
946 _isba
999 _c126675
_d126675